LEVELS OF IMMUNOGLOBULINS AND ANTIBODIES TO HAEMAGGLUTININ AND NEURAMINIDASE OF INFLUENZA VIRUS IN NASAL SECRETIONS AFTER NATURAL INFECTION

Bibliographic Details
Main Authors: Hrušková, J. (Author), Berkovičová, V. (Author), Brůčková, M. (Author), Losová, M. (Author), Syrůček, L. (Author), Štumpa, A. (Author), Tůmová, B. (Author)
Format: Article
Language:English

MARC

LEADER 00000nab a2200000uu 4500
001 vtls011456269
003 SK-MaSNL
005 20260303154053.0
008 230222|1976 xo |||||||||||||||||eng|
015 |a SNBRB 
035 |a (urnnbn)urn:nbn:sk:snk:ar-a080vh 
035 |a (uuid)36709c8a-8eb2-4887-b26e-9484b437fef2 
035 |a urn:nbn:sk:snk-abcr4k 
040 |a SNKBUCL  |b slo  |c SNKBUCL  |e AACR2 
041 0 |a eng 
044 |a xo  |c SK 
100 1 |a Hrušková, J.  |4 aut  |9 1171074 
245 1 0 |a LEVELS OF IMMUNOGLOBULINS AND ANTIBODIES TO HAEMAGGLUTININ AND NEURAMINIDASE OF INFLUENZA VIRUS IN NASAL SECRETIONS AFTER NATURAL INFECTION  |c J. Hrušková, L. Syrůček, B. Tůmová, A. Štumpa, M. Brůčková, M. Losová, V. Berkovičová 
700 1 |a Berkovičová, V.  |4 aut  |9 1176512 
700 1 |a Brůčková, M.  |4 aut  |9 954631 
700 1 |a Losová, M.  |4 aut  |9 1176564 
700 1 |a Syrůček, L.  |4 aut  |9 1171098 
700 1 |a Štumpa, A.  |4 aut  |9 929293 
700 1 |a Tůmová, B.  |4 aut  |9 927421 
773 0 |t Acta virologica  |g Roč. 20, č. 2 (1976), s. 126-134 
958 |a OND 
958 |a EUIPO 
958 |a article16 
999 |c 2031706  |d 2033636